00781nam a2200217 i 4500001000700000003000900007005001700016007000300033008004100036080002500077100002500102245017000127260004300297300002000340490003000360500005700390700002500447700002600472830003000498852003500528124659ES-MaACL20230906192450.0t|070417s1920 sp ||||1| spa d a821.134.2-293.22"18"1 aPerrín, Guillermo.10aCuadros disolventes b: apropósito cómico-lírico-fantástico inverosímil en un acto y cinco cuadros / coriginal de Guillermo Perrín y Miguel de Palacios. a[Madrid : bLa Novela Teatral, c1920] a8 h. ; c20 cm.1 aLa novela teatral ; v194 aEn la cub. caricatura de Enrique Gandía por Tovar.1 aPalacios, Miguel de.0 aTovar c, ilustrador.0 aLa novela teatral ; v194 aES-MaACLj2215-F-44 bR.138767